Jazyk ako nositeľ kultúry

Príspevok sa zaoberá úzkym vzťahom medzi kultúrou, jazykom a procesom konceptualizácie. Kultúrna gramotnosť vedie k lepšiemu poznaniu reality kultúrnej komunity a jazyka ako nositeľa kultúrnych informácií vo forme kultúrnych konceptualizácií.

Na minha lista:
Detalhes bibliográficos
Autor principal: Hrivíková, Tatiana, 1959-
Formato: Capítulo de Livro
Idioma:eslovaco
Assuntos:
Tags: Adicionar Tag
Sem tags, seja o primeiro a adicionar uma tag!

MARC

LEADER 00000naa$a2200000$$$4500
001 0263283
005 20240502074200.3
041 0 |a slo 
044 |a SK 
245 1 0 |a Jazyk ako nositeľ kultúry  |c Tatiana Hrivíková 
520 |a Príspevok sa zaoberá úzkym vzťahom medzi kultúrou, jazykom a procesom konceptualizácie. Kultúrna gramotnosť vedie k lepšiemu poznaniu reality kultúrnej komunity a jazyka ako nositeľa kultúrnych informácií vo forme kultúrnych konceptualizácií. 
610 2 0 |a kultúra 
610 2 0 |a kulturológia 
610 2 0 |a jazykoveda 
610 2 0 |a komunikácia 
100 1 |a Hrivíková, Tatiana, 1959-